| 000 | 01357cam a22003617a 4500 | ||
|---|---|---|---|
| 003 | CHAP | ||
| 005 | 20220329134352.0 | ||
| 008 | 971013s1970 r 00010 d | ||
| 010 | _a19472 | ||
| 011 | _a20444 | ||
| 035 | _a24532 | ||
| 040 | _cCHAP | ||
| 082 | 0 | 0 |
_a917.203 _bD52 1970 |
| 245 | 0 | 0 | _aDiccionario Porrúa de historia, biografía y geografía de México |
| 250 | _a3 ed. rev. | ||
| 260 |
_aMéxico, D.F. : _bPorrúa, _c1970 |
||
| 300 |
_a2 v. _b: ilus. |
||
| 590 |
_aBATCH-UPD _b10 _c20130110 _lUCH01 _h2124 |
||
| 590 |
_aBATCH-UPD _b10 _c20130410 _lUCH01 _h1433 |
||
| 590 |
_aBATCH-UPD _b10 _c20130914 _lUCH01 _h1828 |
||
| 590 |
_aCONVERSION _b10 _c20130109 _lUCH01 _h1312 |
||
| 650 | 1 | 4 |
_aMéxico _xBiografía _xDiccionarios. _976648 |
| 650 | 1 | 4 |
_aMéxico _xEnciclopedias y diccionarios. _976742 |
| 650 | 1 | 4 |
_aMéxico _xGeografía _xDiccionarios. _976750 |
| 650 | 1 | 4 |
_aMéxico _xHistoria _xDiccionarios. _976757 |
| 650 | 1 | 4 |
_aMéxico _xMapas. _976780 |
| 901 | _aBK | ||
| 942 | _cLIBRO | ||
| 949 |
_a917.203 D52 1970 _bBC _cC _d33724000837977 _eC _fv.1 c.2 _gDonaciØn CONASUPO _h100249 _i24532 _sb |
||
| 949 |
_a917.203 D52 1970 _bBC _cC _d33724000838025 _eC _fv.2 c.2 _gDonaciØn CONASUPO _h100248 _i24532 _sb |
||
| 949 |
_a917.203 D52 1970 _bBC _cMUT _d-56499 _eMUT _fv.1 _h17555 _i24532 _si |
||
| 949 |
_a917.203 D52 1970 _bBC _cMUT _d-56501 _eMUT _fv.2 _h17556 _i24532 _si |
||
| 999 |
_c19472 _d19472 |
||